000 00709nam a2200205Ii 4500
003 JO-AjNU
008 230605s9999||||xx |||||||||||||| ||und||
017 _a1989/4/274
040 _aJO-AjNU
_bara
_erda
_cJO-AjNU
041 _aara
050 1 4 _aHB172.M362.1989
100 3 _aتأليفالنصر، محمد محمود ، م.مشارك عبدالله محمد شامية,
_eauthor
_956409
245 0 0 _aمبادىء الاقتصاد الجزئي=PRINCIPLES OF MICROECONOMICS
264 3 1 _aاربد:دار الامل،1989
300 _a392ص
336 _atext
_btxt
_2rdacontent
337 _aunmediated
_bn
_2rdamedia
338 _avolume
_bnc
_2rdacarrier
650 4 _aالاقتصاد-علم
_956410
999 _aA25217
_c28785
_d28785